Score 0/27 Timer 04:00
13 Plays Today
Hint Answer % Correct
Island nations beginning with 'Ba'Bahamas
85.1%
Countries occupying the two largest Caribbean islandsCuba
80.8%
Countries beginning and ending R___ARwanda
80.7%
Countries occupying the two largest Caribbean islandsHaiti
80.1%
Countries occupying the two largest Caribbean islandsDominican Republic
77.8%
Countries on the Equator beginning with a vowelEcuador
72.9%
Countries beginning and ending R___ARussia
71%
Countries beginning and ending R___ARomania
70.2%
Island nations beginning with 'Ba'Barbados
69.6%
Largest landlocked countries by areaMongolia
67.1%
Countries whose flag contains only red, yellow and blackGermany
64.2%
Island nations beginning with 'Ba'Bahrain
63.8%
Largest landlocked countries by areaKazakhstan
61.2%
Countries containing the consecutive letters 'Men'Turkmenistan
58.3%
Hint Answer % Correct
Countries sharing a border with LiberiaSierra Leone
55.6%
Countries sharing a border with LiberiaCôte d'Ivoire
55%
Countries with capitals that begin with 'An'Andorra (Andorra la Vella)
53.6%
Countries sharing a border with LiberiaGuinea
50.3%
Largest landlocked countries by areaChad
46.5%
Countries with capitals that begin with 'An'Turkey (Ankara)
45.9%
Countries containing the consecutive letters 'Men'Yemen
43.6%
Countries whose flag contains only red, yellow and blackBelgium
42.3%
Countries on the Equator beginning with a vowelIndonesia
41.5%
Countries containing the consecutive letters 'Men'Armenia
39.9%
Countries whose flag contains only red, yellow and blackAngola
37.4%
Countries on the Equator beginning with a vowelUganda
33%
Countries with capitals that begin with 'An'Madagascar (Antananarivo)
30.8%
Remove Ads.
Support Sporcle.
Get the best of Sporcle when you Go Orange. This ad-free experience offers more features, more stats, and more fun while also helping to support Sporcle. Thank you for becoming a member.

You're not logged in!

Compare scores with friends on all Sporcle quizzes.
OR
Log In

Show Comments

Extras

Top Quizzes Today


Score Distribution

Your Account Isn't Verified!

In order to create a playlist on Sporcle, you need to verify the email address you used during registration. Go to your Sporcle Settings to finish the process.

Report this User

Report this user for behavior that violates our Community Guidelines.

Details: